Un acercamiento a los conceptos de migración y mercado de trabajo en un contexto urbano /

محفوظ في:
التفاصيل البيبلوغرافية
المؤلف الرئيسي: Sierra Sosa, Ligia Aurora
التنسيق: نص
الوسوم: إضافة وسم
لا توجد وسوم, كن أول من يضع وسما على هذه التسجيلة!

MARC

LEADER 00000 a a2200000 04500
001 48262
003
040
100 |a Sierra Sosa, Ligia Aurora  
245 |a Un acercamiento a los conceptos de migración y mercado de trabajo en un contexto urbano /  |c Ligia Aurora Sierra Sosa  
773 |g páginas 133-177  
999 |c 22092  |d 22092